1962 FIFA World Cup Final Brazil - Czechoslovakia - Statistics

General Stats
  • This quiz has been taken 144 times
    118 since last reset
  • The average score is 7 of 24
Answer Stats
Player % Correct
Garrincha
97%
Didi
58%
Vavá ¹
58%
Djalma Santos
53%
Nílton Santos
53%
Gilmar
50%
Josef Masopust ¹
50%
Mário Zagallo
48%
Amarildo ¹
33%
Zito ¹
33%
Mauro Ramos
25%
Zózimo
22%
Aymoré Moreira
13%
Rudolf Vytlačil
12%
Svatopluk Pluskal
12%
Viliam Schrojf
12%
Adolf Scherer
10%
Andrej Kvašňák
10%
Ján Popluhár
10%
Jiří Tichý
10%
Ladislav Novák
10%
Josef Jelínek
8%
Josef Kadraba
8%
Tomáš Pospíchal
8%
No matching quizzes found
Score Distribution
Percent of People with Each Score
Percentile by Number Answered
Your Score History
You have not taken this quiz since the last reset